000 00537nam a22001817a 4500
005 20251127122305.0
008 251124b |||||||| |||| 00| 0 eng d
020 _a978-81-19613-12-0
041 _aeng
082 _a615.32 UPA-H
100 _aUPADHYAY, DR.SUKIRTY, 2-UPADHYAY, DR. PRASHANT 3-YADAV, DR. RITA .4- GOYAL, MS SRISHTI
_98775
245 _aHERBAL DRUG TECHNOLOGY
250 _a1ST ED, 2025
260 _aNEW DELHI
_bINNOVATIVE PUBLICATION PVT LTD
_c2025
300 _a138;P
650 _aPHARMACY
_xB,PHARMA
942 _cBK
999 _c8950
_d8948